Представление документа в формате MARC21

ПолеНазваниеЗначение
  Тип записи a
  Библиографический уровень m
001 Контрольный номер RU/URAIT/583723
005 Дата корректировки 20260429163711.8
008 Кодируемые данные 260429s2026 RU y f j 000 0 rus u
020 Индекс ISBN __
a ISBN 978-5-534-21671-4
c Цена, тираж 1969.00
040 Источник каталогиз. __
a Служба первич. каталог. ИКО Юрайт
c Служба, преобразующая запись ИКО Юрайт
e Правила каталог. RCR
041 Код языка издания __
a Код языка текста rus
044 Код страны публикации __
a Код страны публикации RU
080 Индекс УДК __
a Индекс УДК 159.9(075.32)
084 Индекс другой классификации/Индекс ББК __
2 Источник индекса rubbk
a Индекс другой классификации/Индекс ББК 88.5я723
100 Автор __
a Автор Ефимова Н. С.
q Полное имя Ефимова Наталия Сергеевна
245 Заглавие __
a Заглавие Социальная психология
b Продолж. заглавия учебник для спо
c Ответственность Н. С. Ефимова, А. В. Литвинова.
256 Характеристики компьютерного файла __
a Характеристики компьютерного файла Электрон. дан.
260 Выходные данные __
a Место издания Москва
b Издательство Юрайт
c Дата издания 2026
300 Физическое описание __
a Объем 376 с
440 Серия __
a Серия Профессиональное образование
500 Примечания __
a Примечание URL: https://urait.ru/bcode/583723 (дата обращения: 29.04.2026).
520 Аннотация __
a Аннотация Рассматриваются психологические закономерности социального поведения индивидов, массовые процессы, нарушение структуры личности, ролевое поведение и многое другое. Предлагаются практические работы для самостоятельных исследований и изучения собственных психических процессов с целью само-познания и саморазвития. Материал полностью адаптирован для понимания обучающихся, поэтому читатели могут применять полученные знания для своего личностного и профессионального развития, улучшения атмосферы взаимопонимания в среде ближайшего окружения.
538 Прим. о системных особенностях __
a Прим. о системных особенностях Режим доступа: Электронно-библиотечная система Юрайт, для авториз. пользователей
653 Ключевые слова __
a Ключевые слова Социальная и организационная психология
653 Ключевые слова __
a Ключевые слова Педагогика, психология, социальная работа
653 Ключевые слова __
a Ключевые слова Психология
653 Ключевые слова __
a Ключевые слова Психология социальной работы
653 Ключевые слова __
a Ключевые слова Социальная психология
653 Ключевые слова __
a Ключевые слова Психология (включая основы социальной психологии)
653 Ключевые слова __
a Ключевые слова Основы психологии
653 Ключевые слова __
a Ключевые слова Психология вокруг нас
653 Ключевые слова __
a Ключевые слова Введение в психологию
653 Ключевые слова __
a Ключевые слова Возрастная и социальная психология
653 Ключевые слова __
a Ключевые слова Психология с практикумом
653 Ключевые слова __
a Ключевые слова Социальная психология с практикумом
653 Ключевые слова __
a Ключевые слова Социальная психология личности и группы
653 Ключевые слова __
a Ключевые слова Основы социальной психологии
653 Ключевые слова __
a Ключевые слова Введение в социальную психологию
653 Ключевые слова __
a Ключевые слова Введение с социальную психологию
653 Ключевые слова __
a Ключевые слова Психология (включая психологию журналистики)
700 Другие авторы __
a Другие авторы Литвинова А. В.
q Полное имя Литвинова Анна Викторовна
856 Электронный адрес документа 40
n Местонахождение сервера Юрайт
g Электронная книга
q Тип электронного формата html
h Имя пользователя ЮРАЙТ
v Часы доступа к ресурсу 20271231
2 Способ доступа Показать документ
x Служебное примечание https://urait.ru/book/cover/F3060412-6CB1-4913-AE20-91EDBAB4ACEF
u URL https://urait.ru/bcode/583723
856 Электронный адрес документа 48
q Тип электронного формата cover
u URL https://urait.ru/book/cover/F3060412-6CB1-4913-AE20-91EDBAB4ACEF
911 __
u 0030=https://urait.ru/bcode/583723
911 __
u 073a=9785534216714
u 073d=1969.00
911 __
u 106a=s
911 __
u 900l=
952 Тип литературы __
i Дисциплина Психология
952 Тип литературы __
i Дисциплина Психология социальной работы
952 Тип литературы __
i Дисциплина Социальная психология
952 Тип литературы __
i Дисциплина Психология (включая основы социальной психологии)
952 Тип литературы __
i Дисциплина Основы психологии
952 Тип литературы __
i Дисциплина Психология вокруг нас
952 Тип литературы __
i Дисциплина Введение в психологию
952 Тип литературы __
i Дисциплина Возрастная и социальная психология
952 Тип литературы __
i Дисциплина Психология с практикумом
952 Тип литературы __
i Дисциплина Социальная психология с практикумом
952 Тип литературы __
i Дисциплина Социальная психология личности и группы
952 Тип литературы __
i Дисциплина Основы социальной психологии
952 Тип литературы __
i Дисциплина Введение в социальную психологию
952 Тип литературы __
i Дисциплина Введение с социальную психологию
952 Тип литературы __
i Дисциплина Психология (включая психологию журналистики)